000 00921cam a22002531 4500
001 war11000011
003 DLC
005 20260227112809.0
008 760630s1911 ksu f000 0 eng c
010 _awar11000011
035 _a(OCoLC)2289705
040 _aWar College Div. General Staff
_cPPi
_dDLC
042 _apremarc
043 _an-us-ks
_an-us---
050 0 0 _aUB803
_b.S5
100 1 _aShindler, Henry,
_d1854-
_ecomp.
245 0 0 _aHistory of the United States Military Prison,
_cby Henry Shindler.
260 _a[Fort Leavenworth, Kan.]
_bArmy Service School Press,
_c1911.
300 _a3 p. l., [2] p., 1 l., 124 p.
_bpl., ports. (incl. front.)
_c21 cm.
500 _aCover-title reads: History U.S. military prison 1871 to 1910.
610 2 0 _aUnited States Penitentiary in Leavenworth, Kansas
_xHistory.
650 0 _aPrisons
_zKansas
_zLeavenworth
_xHistory.
651 0 _aLeavenworth (Kan.)
_xHistory.
999 _c92166
_d92166